Law of Maintenance (Record no. 232273)
[ view plain ]
| 000 -LEADER | |
|---|---|
| fixed length control field | 00658nam a22002297a 4500 |
| 005 - DATE AND TIME OF LATEST TRANSACTION | |
| control field | 20241207111451.0 |
| 008 - FIXED-LENGTH DATA ELEMENTS--GENERAL INFORMATION | |
| fixed length control field | 241207b ||||| |||| 00| 0 eng d |
| 020 ## - INTERNATIONAL STANDARD BOOK NUMBER | |
| International Standard Book Number | 9789388918701 |
| 040 ## - CATALOGING SOURCE | |
| Transcribing agency | AL |
| 041 ## - LANGUAGE CODE | |
| Language code of text/sound track or separate title | eng |
| 082 ## - DEWEY DECIMAL CLASSIFICATION NUMBER | |
| Edition number | 23 |
| Classification number | 346.0166 |
| Item number | MULL |
| 100 ## - MAIN ENTRY--PERSONAL NAME | |
| Personal name | Mulla |
| 100 ## - MAIN ENTRY--PERSONAL NAME | |
| 9 (RLIN) | 188617 |
| 245 ## - TITLE STATEMENT | |
| Title | Law of Maintenance |
| 260 ## - PUBLICATION, DISTRIBUTION, ETC. | |
| Place of publication, distribution, etc. | Delhi |
| Name of publisher, distributor, etc. | Delhi Law House |
| Date of publication, distribution, etc. | 2023 |
| 300 ## - PHYSICAL DESCRIPTION | |
| Extent | cxxii,1124p. |
| Other physical details | HB |
| Dimensions | 25x17cm. |
| 365 ## - TRADE PRICE | |
| Source of price type code | Law |
| Price type code | 1060 |
| Price amount | 2040.35 |
| Currency code | ₹ |
| Unit of pricing | 2795.00 |
| Price note | 27% |
| 650 ## - SUBJECT ADDED ENTRY--TOPICAL TERM | |
| Topical term or geographic name entry element | Protection of Women |
| 9 (RLIN) | 188609 |
| 650 ## - SUBJECT ADDED ENTRY--TOPICAL TERM | |
| Topical term or geographic name entry element | Hindu Adoptions and Maintenance Act 1956 |
| 9 (RLIN) | 188610 |
| 700 ## - ADDED ENTRY--PERSONAL NAME | |
| Personal name | MULLA |
| 9 (RLIN) | 188611 |
| 700 ## - ADDED ENTRY--PERSONAL NAME | |
| Personal name | DESHMUKH (Pratap S) |
| 9 (RLIN) | 188612 |
| 942 ## - ADDED ENTRY ELEMENTS (KOHA) | |
| Source of classification or shelving scheme | Dewey Decimal Classification |
| Koha item type | Reference |
| Withdrawn status | Lost status | Source of classification or shelving scheme | Damaged status | Not for loan | Collection code | Home library | Current library | Date acquired | Source of acquisition | Cost, normal purchase price | Total Checkouts | Full call number | Barcode | Date last seen | Cost, replacement price | Price effective from | Koha item type |
|---|---|---|---|---|---|---|---|---|---|---|---|---|---|---|---|---|---|
| Dewey Decimal Classification | Reference Book | Law | St Aloysius Law Library | St Aloysius Law Library | 12/05/2024 | MPP House Law Books Publishers Bengaluru-560009 | 2040.35 | 346.0166 MULL | LL000919 | 12/07/2024 | 2795.00 | 12/07/2024 | Reference |